| 000 | 00405cam a22001217a 4500 | ||
|---|---|---|---|
| 008 | 180718b1961 xxu||||| |||| 00| 0 eng d | ||
| 082 | _aT1603x5442 C393 | ||
| 100 | _aChaudhari, D.H. | ||
| 245 |
_aMaharashtra cooperative societies act, 1960 (Maharashtra act no.24 of 1961) _cby D.H. Chaudhari |
||
| 260 |
_aJaigaon _bThe Author _c1961 |
||
| 300 | _a287p. | ||
| 650 | _aCo-operation - Legislation - Maharashtra | ||
| 999 |
_c362254 _d362254 |
||